000 00725nam a2200253 a 4500
999 _c758
_d758
008 191028s2007 ii a|||g |||| 001 0 eng d
020 _a9788131706770
_cRs. 250.00
040 _aKO
_beng
041 0 _aeng
044 _aii
082 0 4 _223
_a604.2
_bP7536
100 1 _aPohit, Gautam
245 1 0 _aMachine Drawing with AutoCAD /
_cGoutam Pohit, Goutam Ghosh
260 _aDelhi :
_bDorling Kindersley (India) Pvt Ltd,
_c2007
300 _axvi, 480 p. :
_bill. ;
_c24 cm.
504 _aIncludes index.
650 0 _aMechanical drawing
_vTextbooks
650 0 _aComputer-aided design
_vTextbooks
650 0 _aComputer-aided engineering
700 1 _aGhosh, Goutam
_eaut
904 _aS_JOY
942 _cBK